Aves de la región en peligro de extinción (Registro nro. 19610)

Detalles MARC
000 -CABECERA
Campo de control 01302nam a22004097a 4500
005 - FECHA Y HORA DE LA ULTIMA TRANSACCION
Campo de control 20180308163316.0
008 - ELEMENTOS DE LONGITUD FIJA—INFORMACION GENERAL
Campo de control 170612b ck ||||| |||| 00| 0 spa d
040 ## - FUENTE DE CATALOGACIÓN
Agencia catalogadora original CO-BoIAVH
Agencia transcriptora CO-BoIAVH
041 ## - IDIOMA
Código de idioma para texto/pista de sonido o título separado Español
090 ## - CLASIFICACIÓN LOCAL
Colección FG-
Consecutivo 0213
100 1# - ASIENTO PRINCIPAL--NOMBRE PERSONAL
Nombre personal Hurtado Rodríguez, Humberto
9 (RLIN) 90295
245 10 - MENCION DE TITULO
Título Aves de la región en peligro de extinción
260 ## - PUBLICACION, DISTRIBUCION, ETC. (PIE DE IMPRENTA)
Lugar de publicación, distribución, etc. Tunja:
Nombre del editor, distribuidor, etc. Corporación Autónoma Regional del Chivor Corpochivor,
Fecha de publicación, distribución, etc. .
300 ## - DESCRIPCION FISICA
Extensión 31 páginas,
Otros detalles físicos ilustraciones a color,
Dimensiones 21 x 21 cm
650 1# - ASIENTO SECUNDARIO DE MATERIA - TERMINO TEMATICO
Término temático o nombre geográfico como elemento de entrada Pato pico de oro
9 (RLIN) 90296
650 1# - ASIENTO SECUNDARIO DE MATERIA - TERMINO TEMATICO
Término temático o nombre geográfico como elemento de entrada Pato de torrente
9 (RLIN) 90297
650 1# - ASIENTO SECUNDARIO DE MATERIA - TERMINO TEMATICO
Término temático o nombre geográfico como elemento de entrada Pato andino
9 (RLIN) 90298
650 1# - ASIENTO SECUNDARIO DE MATERIA - TERMINO TEMATICO
Término temático o nombre geográfico como elemento de entrada Pava negra
9 (RLIN) 90299
650 1# - ASIENTO SECUNDARIO DE MATERIA - TERMINO TEMATICO
Término temático o nombre geográfico como elemento de entrada Tingua moteada
9 (RLIN) 90300
650 1# - ASIENTO SECUNDARIO DE MATERIA - TERMINO TEMATICO
Término temático o nombre geográfico como elemento de entrada Polla de agua
9 (RLIN) 90301
650 1# - ASIENTO SECUNDARIO DE MATERIA - TERMINO TEMATICO
Término temático o nombre geográfico como elemento de entrada Zambullidor cira
9 (RLIN) 90302
650 1# - ASIENTO SECUNDARIO DE MATERIA - TERMINO TEMATICO
Término temático o nombre geográfico como elemento de entrada Águila solitaria
9 (RLIN) 90303
650 1# - ASIENTO SECUNDARIO DE MATERIA - TERMINO TEMATICO
Término temático o nombre geográfico como elemento de entrada Águila real
9 (RLIN) 24972
650 1# - ASIENTO SECUNDARIO DE MATERIA - TERMINO TEMATICO
Término temático o nombre geográfico como elemento de entrada Cóndor
9 (RLIN) 90314
650 1# - ASIENTO SECUNDARIO DE MATERIA - TERMINO TEMATICO
Término temático o nombre geográfico como elemento de entrada Colibrí cobrizo
9 (RLIN) 90305
650 1# - ASIENTO SECUNDARIO DE MATERIA - TERMINO TEMATICO
Término temático o nombre geográfico como elemento de entrada Caica imperial
9 (RLIN) 90306
650 1# - ASIENTO SECUNDARIO DE MATERIA - TERMINO TEMATICO
Término temático o nombre geográfico como elemento de entrada Periquito aliamarillo
9 (RLIN) 90226
650 1# - ASIENTO SECUNDARIO DE MATERIA - TERMINO TEMATICO
Término temático o nombre geográfico como elemento de entrada Cotorrita alipinta
9 (RLIN) 90307
650 1# - ASIENTO SECUNDARIO DE MATERIA - TERMINO TEMATICO
Término temático o nombre geográfico como elemento de entrada Tororoí
9 (RLIN) 90308
650 1# - ASIENTO SECUNDARIO DE MATERIA - TERMINO TEMATICO
Término temático o nombre geográfico como elemento de entrada Cucarachero
9 (RLIN) 90309
650 1# - ASIENTO SECUNDARIO DE MATERIA - TERMINO TEMATICO
Término temático o nombre geográfico como elemento de entrada Arañero
9 (RLIN) 90310
650 1# - ASIENTO SECUNDARIO DE MATERIA - TERMINO TEMATICO
Término temático o nombre geográfico como elemento de entrada Reinita cerúlea
9 (RLIN) 90311
650 1# - ASIENTO SECUNDARIO DE MATERIA - TERMINO TEMATICO
Término temático o nombre geográfico como elemento de entrada Chango de montaña
9 (RLIN) 90312
650 1# - ASIENTO SECUNDARIO DE MATERIA - TERMINO TEMATICO
Término temático o nombre geográfico como elemento de entrada Alondra cornuda
9 (RLIN) 4636
650 1# - ASIENTO SECUNDARIO DE MATERIA - TERMINO TEMATICO
Término temático o nombre geográfico como elemento de entrada Pibí boreal
9 (RLIN) 90313
942 ## - ELEMENTOS ADICIONALES (KOHA)
Sistema de clasificación Local
Tipo de ítem Folleto
Existencias
Withdrawn status Lost status Sistema de Clasificación Damaged status No para préstamo Colección Ubicación Permanente Ubicación actual Fecha de adquisición Total Checkouts Número topográfico Inventario / Código de Barras Date last seen Ejemplar Price effective from Forma de adquisición Tipo de material
    Local     Hemeroteca Bogotá Bogotá 06/06/2017   FG-0196 041348 06/06/2017 Ej. 1 06/06/2017 Donación Folleto
    Local     Hemeroteca Bogotá Bogotá 12/06/2017   FG-0196 034740 12/06/2017 Ej. 1 12/06/2017 Donación Folleto